[Event "Challenge"]
[Site "http://www.queenalice.com/game.php?id=855319"]
[Date "2010.11.5"]
[Round "-"]
[White "Did60"]
[Black "alexdu60o"]
[Result "0-1"]
[WhiteElo "1047"]
[BlackElo "1137"]

1. e4 d5 2. Nc3 d4 3. Nb5 a6 4. Na3 Nf6 5. Nf3 Nxe4 6. Nxd4 Qxd4 7. Qh5 g6 8.
Qg4 Bxg4 9. Nc4 e5 10. Na5 Bh6 11. c3 Qxf2# 0-1

[Event "Challenge"]
[Site "http://www.queenalice.com/game.php?id=855320"]
[Date "2010.11.5"]
[Round "-"]
[White "alexdu60o"]
[Black "Did60"]
[Result "1-0"]
[WhiteElo "1161"]
[BlackElo "1047"]

1. d4 Nc6 2. Nc3 e5 3. d5 Nd4 4. Rb1 Bb4 5. a3 Ba5 6. b4 Bb6 7. Na4 Nb5 8. Nxb6
cxb6 9. Qd3 Nd4 10. Qe4 f6 11. f4 d6 12. f5 Nxc2+ 13. Qxc2 a5 14. bxa5 bxa5 15.
e4 Nh6 16. Ne2 Ng4 17. Qc3 Qb6 18. Rxb6 g6 19. Rxd6 Ke7 20. Re6+ Kf7 21. Qc7+
Kf8 22. Qe7+ Kg8 23. Qe8+ Kg7 24. Re7# 1-0

[Event "Challenge"]
[Site "http://www.queenalice.com/game.php?id=856634"]
[Date "2010.11.9"]
[Round "-"]
[White "Did60"]
[Black "alexdu60o"]
[Result "0-1"]
[WhiteElo "1113"]
[BlackElo "1182"]

1. d4 e6 2. e4 d5 3. b3 dxe4 4. Bb5+ Bd7 5. Bc4 Nc6 6. Ne2 e5 7. d5 Nd4 8. Ng3
Nf6 9. O-O h5 10. Nc3 Nb5 11. Nxb5 a6 12. Nc3 b5 13. Be2 b4 14. Ncxe4 Ng4 15. a4
c6 16. d6 f5 17. Nc5 Bc8 18. Bf3 Qb6 19. d7+ Kd8 20. dxc8=Q+ Kxc8 21. Qd7+ Kb8
22. Qe8+ Ka7 23. Bxc6 Bxc5 24. Qd7+ Kb8 25. Rd1 Qc7 26. Qd5 Bxf2+ 27. Kf1 Bd4
28. Rb1 Ra7 29. Nxf5 Bb6 30. Nxg7 Rd8 31. Qf3 Qxg7 32. Bd2 Nxh2+ 33. Ke2 Nxf3
34. Kxf3 Qf6+ 35. Ke4 Qxc6+ 36. Kxe5 Qxc2 37. Rbc1 Bd4+ 38. Kf4 Rf7+ 39. Kg3
Qg6+ 40. Kh2 Rg7 41. Bf4+ Kb7 42. Rc4 Qxg2# 0-1

[Event "Challenge"]
[Site "http://www.queenalice.com/game.php?id=856635"]
[Date "2010.11.9"]
[Round "-"]
[White "alexdu60o"]
[Black "Did60"]
[Result "0-1"]
[WhiteElo "1201"]
[BlackElo "1100"]

1. d4 d5 2. Nc3 Nf6 3. Nf3 Nc6 4. Nb5 e6 5. Ne5 Bb4+ 6. c3 Ba5 7. b4 Bb6 8. a4
Ne4 9. a5 O-O 10. axb6 cxb6 11. Ra3 f6 12. Ng4 f5 13. Ne5 Ne7 14. Nxa7 Qc7 15.
f3 Nf6 16. b5 Nh5 17. e3 g5 18. g4 Nf6 19. h4 fxg4 20. fxg4 gxh4 21. Rxh4 Ne4
22. Qf3 Ng5 23. Qg3 Ne4 24. Qg2 Rf2 25. Qh3 Rc2 26. Kd1 Nf2+ 27. Kxc2 Nxh3 28.
Rxh3 Qb8 29. Nxc8 Qxc8 30. c4 Rb8 31. Ra4 Qf8 32. Nd7 Qxf1 33. Rh6 dxc4 34. Nxb8
Qd3+ 35. Kb2 Qb3+ 36. Ka1 Qxa4+ 37. Kb2 Qxb5+ 38. Kc3 Nd5+ 39. Kd2 c3+ 40. Ke1
Qb1 41. Rh2 Qxc1+ 42. Kf2 c2 43. Kf3 Nxe3 44. Re2 Nf1 45. Nd7 Qd1 46. Nf6+ Kg7
47. Ne8+ Kg6 48. Nd6 c1=Q 49. Nxb7 Qc3+ 50. Kf2 Qcd3 51. Nc5 Qg3# 0-1

[Event "jogo 3"]
[Site "http://www.queenalice.com/game.php?id=857298"]
[Date "2010.11.10"]
[Round "-"]
[White "jonas777"]
[Black "alexdu60o"]
[Result "1-0"]
[WhiteElo "1374"]
[BlackElo "1205"]

1. e3 d5 2. d3 h5 3. Be2 Nf6 4. h3 e5 5. Nf3 Bb4+ 6. c3 Bd6 7. d4 e4 8. Ng1 b5
9. b4 Qd7 10. Na3 a6 11. Nc2 Qc6 12. Bb2 Nfd7 13. g4 hxg4 14. Bxg4 Rh4 15. f3 a5
16. bxa5 Rxa5 17. fxe4 dxe4 18. Bxd7+ Qxd7 19. Kd2 Qf5 20. Kc1 Be6 21. Ne1 g5
22. Ng2 Rh8 23. Kc2 Qf2+ 24. Qd2 Qf6 25. a3 g4 26. h4 Nd7 27. Qe2 Nb6 28. Rf1
Qd8 29. Nf4 Ba2 30. Qxg4 Nc4 31. Qg7 Ke7 32. Nd5+ Ke6 33. Qxf7# 1-0

[Event "Challenge"]
[Site "http://www.queenalice.com/game.php?id=859404"]
[Date "2010.11.16"]
[Round "-"]
[White "memed"]
[Black "alexdu60o"]
[Result "0-1"]
[WhiteElo "1258"]
[BlackElo "1173"]

1. e4 Nf6 2. Bd3 d5 3. Nf3 dxe4 4. Bb5+ c6 5. Bc4 b5 6. Bb3 c5 7. Ng5 e6 8. c4
b4 9. Ba4+ Bd7 10. d4 Bc6 11. O-O Qxd4 12. Bb3 Na6 13. Qc2 Rd8 14. Ba4 Nb8 15.
Bb5 h6 16. Be3 Ng4 17. Qa4 Qxb2 18. Bxc6+ Nxc6 19. Qxc6+ Rd7 20. Qc8+ Rd8 21.
Qc6+ Rd7 22. Nd2 Nxe3 23. fxe3 Qxd2 24. Rxf7 Qxe3+ 25. Kf1 Be7 26. Qc8+ Rd8 27.
Qxe6 Qxg5 28. Qxe4 Rf8 29. Rxf8+ Kxf8 30. Re1 Rd2 31. Qf3+ Bf6 32. g3 Qg6 33.
Qe3 Qf5+ 34. Kg1 Bd4 35. Re2 Bxe3+ 36. Rxe3 Qf2+ 37. Kh1 Rd1+ 38. Re1 Rxe1# 0-1

[Event "Challenge"]
[Site "http://www.queenalice.com/game.php?id=861964"]
[Date "2010.11.21"]
[Round "-"]
[White "alexdu60o"]
[Black "Did60"]
[Result "1-0"]
[WhiteElo "1222"]
[BlackElo "1120"]

1. d4 d5 2. Nc3 b6 3. e4 c6 4. f3 e5 5. dxe5 Qh4+ 6. g3 Qe7 7. exd5 c5 8. f4 Nh6
9. d6 Qd7 10. Nd5 Bb7 11. a4 a5 12. Nxb6 Qd8 13. Nxa8 Bxa8 14. Nf3 Ng4 15. Bb5+
Nc6 16. h3 Nh6 17. g4 Be7 18. Be3 Bf8 19. h4 Nxg4 20. Bxc5 Kd7 21. Rg1 Ne3 22.
Qd3 Ke6 23. f5+ Kd7 24. Qxe3 f6 25. e6+ Ke8 26. e7 Qd7 27. Rd1 Qxf5 28. d7+ Kf7
29. e8=Q+ Kg8 30. d8=Q Nxd8 31. Bc4+ Bd5 32. Rxd5 Qxc2 33. Rd4+ Nf7 34. Bxf7#
1-0

[Event "Challenge"]
[Site "http://www.queenalice.com/game.php?id=861965"]
[Date "2010.11.21"]
[Round "-"]
[White "Did60"]
[Black "alexdu60o"]
[Result "0-1"]
[WhiteElo "1120"]
[BlackElo "1207"]

1. c4 d5 2. c5 d4 3. d3 Qd5 4. b4 h5 5. e4 Qc6 6. Be2 Nf6 7. Nf3 Na6 8. Nxd4 Qd7
9. O-O Qxd4 10. Qa4+ Bd7 11. c6 Bxc6 12. Qd1 Qxa1 13. Qb3 e5 14. Na3 Nxb4 15.
Nc2 Nxc2 16. Qxc2 Qd4 17. Bg5 Rc8 18. g4 hxg4 19. Bxg4 Nxg4 20. h3 Rxh3 21. Kg2
Rh5 22. Kg3 Rxg5 23. f3 Qe3 24. Qc1 Qe2 25. Qa1 Ne3+ 26. Kh4 Qg2 27. Qe1 Qh2+
28. Kxg5 Rd8 29. Qxe3 Rd6 30. f4 Be7+ 31. Kf5 Qh5# 0-1

[Event "Challenge"]
[Site "http://www.queenalice.com/game.php?id=863527"]
[Date "2010.11.25"]
[Round "-"]
[White "alexdu60o"]
[Black "memed"]
[Result "0-1"]
[WhiteElo "1234"]
[BlackElo "1261"]

1. d4 d5 2. Nc3 e6 3. Nf3 Nc6 4. Bg5 Be7 5. h4 h6 6. Bd2 Nf6 7. a4 Bd7 8. Ne5
Bd6 9. Nxd7 Qxd7 10. Nb5 Bb4 11. c3 Be7 12. f4 a6 13. Na3 Qd8 14. g4 Nxg4 15.
Rg1 Bxh4+ 16. Rg3 Bxg3# 0-1

[Event "Challenge"]
[Site "http://www.queenalice.com/game.php?id=864054"]
[Date "2010.11.26"]
[Round "-"]
[White "alexdu60o"]
[Black "Did60"]
[Result "0-1"]
[WhiteElo "1206"]
[BlackElo "1165"]

1. Nc3 g5 2. Nf3 h6 3. b4 Nc6 4. b5 Nb4 5. Rb1 a5 6. Na4 Nxa2 7. b6 cxb6 8. Nxb6
Rb8 9. Ba3 Bg7 10. Bb2 Rh7 11. Ba3 f5 12. h4 g4 13. Ng1 Nf6 14. h5 d6 15. Rb2
Be6 16. Rb5 Bc4 17. Nxc4 Qc7 18. e3 Qc6 19. Rxa5 b6 20. Ra6 Nd5 21. Qb1 Ndb4 22.
c3 Nxa6 23. Qxa2 Qa4 24. Nb2 Qc2 25. Qa1 b5 26. Qd1 Qe4 27. d3 Qd5 28. c4 Bc3+
29. Ke2 b4 30. Qc2 Qa5 31. Na4 bxa3 32. f3 Nb4 33. Qxc3 a2 34. Qb3 a1=Q 35. fxg4
Q5xa4 36. Qxa4+ Qxa4 37. d4 fxg4 38. g3 Qc2+ 39. Ke1 Ra8 40. Be2 Rf7 41. Rh4
Ra1+ 42. Bd1 Nd3# 0-1

[Event "Challenge"]
[Site "http://www.queenalice.com/game.php?id=864055"]
[Date "2010.11.26"]
[Round "-"]
[White "Did60"]
[Black "alexdu60o"]
[Result "0-1"]
[WhiteElo "1103"]
[BlackElo "1205"]

1. c4 d5 2. c5 d4 3. e4 e5 4. g3 Bxc5 5. Nf3 Nh6 6. Nxe5 f6 7. Qa4+ c6 8. Nc4 b5
9. Qb3 d3 10. Ne3 Rf8 11. Bxd3 f5 12. e5 Nf7 13. O-O b4 14. e6 Ne5 15. a3 Nxd3
16. Qc4 Qd6 17. axb4 Bxb4 18. Ra4 Ne5 19. Qb3 a5 20. h3 Bxe6 21. Qc2 Nbd7 22.
Rd1 Nf3+ 23. Kg2 Nd4 24. Nc4 Qc5 25. g4 Nxc2 26. b3 Ne5 27. gxf5 Bxf5 28. d3
Qd5+ 29. Kf1 Nxd3 30. Nb6 Qf3 31. Kg1 Ra6 32. Nc4 Bxh3 33. Nd6+ Kd7 34. Nb7 Qg2#
0-1

[Event "Challenge"]
[Site "http://www.queenalice.com/game.php?id=864068"]
[Date "2010.11.26"]
[Round "-"]
[White "memed"]
[Black "alexdu60o"]
[Result "1-0"]
[WhiteElo "1276"]
[BlackElo "1219"]

1. e4 b5 2. Bxb5 c6 3. Bc4 Ba6 4. Qe2 d5 5. Bxa6 Nxa6 6. Qxa6 Qc8 7. Qd3 e6 8.
Nf3 Nf6 9. Nc3 Qd8 10. O-O Rb8 11. Qa6 dxe4 12. Ne5 Rb6 13. Qxa7 Qb8 14. Qxf7+
Kd8 15. Qxe6 Be7 16. Nxe4 Nxe4 17. Qd7# 1-0

[Event "Challenge"]
[Site "http://www.queenalice.com/game.php?id=866349"]
[Date "2010.12.1"]
[Round "-"]
[White "alexdu60o"]
[Black "memed"]
[Result "0-1"]
[WhiteElo "1217"]
[BlackElo "1352"]

1. d4 d5 2. Nc3 Nc6 3. e4 e6 4. Qe2 Nxd4 5. Qd1 Bc5 6. e5 Nc6 7. a3 Nxe5 8. Nxd5
exd5 9. b4 Bb6 10. Ra2 Qf6 11. g3 Qxf2# 0-1

[Event "AUTO-INT-1889"]
[Site "http://www.queenalice.com/game.php?id=867215"]
[Date "2010.12.3"]
[Round "1"]
[White "Gera10"]
[Black "alexdu60o"]
[Result "1-0"]
[WhiteElo "1576"]
[BlackElo "1226"]

1. e4 d5 2. d3 d4 3. Qf3 Bd7 4. Nh3 c5 5. Ng5 f6 6. Nf7 Kxf7 7. Qh5+ g6 8. Qd5+
e6 9. Qxb7 Nc6 10. Na3 Rb8 11. Qa6 Rb6 12. Qc4 Rb4 13. Qa6 Nge7 14. Bd2 Rxb2 15.
c4 Nc8 16. Ba5 Nxa5 17. Rb1 Rb6 18. Rxb6 Nxb6 19. Qxa5 h5 20. Be2 f5 21. Qxa7
Nc8 22. Qa8 Qb6 23. O-O Qb2 24. Nb5 Nb6 25. Qd8 Qxe2 26. Qxb6 Qxd3 27. Nd6+ Ke7
28. Qxc5 Qe2 29. Qxd4 Rg8 30. Nb7 Bg7 31. Qd6+ Ke8 32. Nc5 Bf8 33. Qxd7# 1-0

[Event "AUTO-INT-1889"]
[Site "http://www.queenalice.com/game.php?id=867216"]
[Date "2010.12.3"]
[Round "1"]
[White "alexdu60o"]
[Black "Gera10"]
[Result "0-1"]
[WhiteElo "1246"]
[BlackElo "1543"]

1. Nc3 e5 2. Ne4 d5 3. Nc3 c6 4. d4 exd4 5. Qxd4 Na6 6. Nf3 Nf6 7. Ne5 Bc5 8.
Qd2 Bf5 9. e4 Bxe4 10. Nxe4 Nxe4 11. Qf4 O-O 12. c4 Nxf2 13. Nxf7 Rxf7 14. Qe5
Bb4+ 15. Bd2 Nxh1 16. a3 Re7 17. Qe2 Bxd2+ 18. Kxd2 dxc4+ 19. Ke1 Rxe2+ 20. Bxe2
Qf8 21. Bxc4+ Kh8 22. Rd1 Re8+ 23. Kd2 Nf2 24. Rf1 Qd6+ 25. Kc3 Ne4+ 26. Kb3
Nd2+ 27. Kc3 Nxf1 28. Kb3 Re3+ 29. Ka2 Nb4+ 30. Kb1 Qd1# 0-1

[Event "AUTO-INT-1889"]
[Site "http://www.queenalice.com/game.php?id=867226"]
[Date "2010.12.3"]
[Round "1"]
[White "Traxler"]
[Black "alexdu60o"]
[Result "0-1"]
[WhiteElo "1305"]
[BlackElo "1243"]

1. e4 Nf6 2. e5 Ng4 3. Qxg4 d6 4. Qe2 dxe5 5. Nc3 f6 6. Nf3 g5 7. Nxe5 fxe5 8.
Qxe5 Rg8 9. Bc4 Bg7 10. Qxg5 h6 0-1

[Event "Challenge"]
[Site "http://www.queenalice.com/game.php?id=869328"]
[Date "2010.12.8"]
[Round "-"]
[White "Did60"]
[Black "alexdu60o"]
[Result "1-0"]
[WhiteElo "1173"]
[BlackElo "1202"]

1. Nc3 d5 2. d4 Nc6 3. e4 dxe4 4. Be3 h5 5. Nxe4 e5 6. c3 f5 7. Bg5 Nf6 8. Ng3
exd4 9. cxd4 Nxd4 10. Qa4+ c6 11. O-O-O b5 12. Re1+ Be7 13. Qd1 Nd5 14. Qxd4 Rg8
15. Nxh5 Kf8 16. Bh4 Bf6 17. Qc5+ Ne7 18. Bg3 Bg5+ 19. f4 Bh6 20. Bh4 Ke8 21.
Qxc6+ Kf7 22. Qxa8 Bxf4+ 23. Nxf4 Re8 24. Qxa7 Kg8 25. Bxb5 Bd7 26. Bc4+ Kh8 27.
Nh5 Kh7 28. Nf3 g6 29. Ng5+ Kh8 30. Qd4# 1-0

[Event "Challenge"]
[Site "http://www.queenalice.com/game.php?id=872365"]
[Date "2010.12.15"]
[Round "-"]
[White "alexdu60o"]
[Black "murphyfish"]
[Result "0-1"]
[WhiteElo "1260"]
[BlackElo "1319"]

1. e4 Nf6 2. e5 Ne4 3. f3 Nc5 4. d4 Ne6 5. c3 Nc6 6. b4 Nb8 7. a4 d5 8. Na3 Qd7
9. b5 b6 10. c4 a6 11. Rb1 Nd8 12. Ne2 a5 13. Nf4 Qf5 14. Rb2 Ne6 15. Bd3 Qg5
16. g3 g6 17. cxd5 Nxd4 18. Rf1 Bd7 19. e6 Qe5+ 20. Kd2 Bc8 21. Re1 Qd6 22. Re4
Bg7 23. Nc4 Qc5 24. Ne5 O-O 25. Rc2 Qb4+ 26. Rc3 fxe6 27. Ba3 Nb3+ 28. Kc2 Nd4+
29. Kc1 Qxc3+ 30. Bc2 Qxa3+ 31. Kd2 Bxe5 32. Rxe5 Nxf3+ 33. Ke2 Nxe5 34. dxe6 c5
35. Nd5 Qf3+ 36. Ke1 Qf2# 0-1

[Event "Challenge"]
[Site "http://www.queenalice.com/game.php?id=876988"]
[Date "2010.12.26"]
[Round "-"]
[White "alexdu60o"]
[Black "jamba"]
[Result "0-1"]
[WhiteElo "1261"]
[BlackElo "1407"]

1. d4 d5 2. Nc3 e6 3. e4 Nc6 4. Qg4 e5 5. Qg3 dxe4 6. Nxe4 Qxd4 7. Nd2 Bf5 8.
Ngf3 Bxc2 9. Nxd4 Nxd4 10. Qxe5+ Ne6 11. b4 O-O-O 0-1